00749 2200265 4500001002100000005001500021035002000036007000300056008004100059020002200100082001000122084001600132100002600148245010100174250001000275260003500285300003200320500001400352650002800366700001400394504002700408710002600435990001100461990001100472INLIS00000000000399620190821101116 a0010-0819000139ta190821 b 0 ind  a978-602-0808-09-3 a370.3 a370.3 ALF e0 aALFONS, Rizqi Fairuzi1 aEnsiklopedia Anak Nusantara /cAlfons Rizqi Fairuzi, Tim Afin and Friends; penyunting, Tristanti acet.2 aJogjakarta :bLiterindo,c2016 a223 hlm. :bilus. ;c24 cm. aGlosarium 4aENSIKLOPEDIA PENDIDIKAN0 aTRISTANTI aBibliografi : hlm. 2230 aTIM, Afin and Friends a6017 a a6017 b